Integrated disease management and plant health / (Record no. 10471)
[ view plain ]
| 000 -LEADER | |
|---|---|
| fixed length control field | 00448cam a2200169ua 4500 |
| 003 - CONTROL NUMBER IDENTIFIER | |
| control field | OSt |
| 008 - FIXED-LENGTH DATA ELEMENTS--GENERAL INFORMATION | |
| fixed length control field | 240123b |||||||| |||| 00| 0 eng d |
| 020 ## - INTERNATIONAL STANDARD BOOK NUMBER | |
| ISBN | 81 7233 106 5 |
| 041 ## - LANGUAGE CODE | |
| Language code of text/sound track or separate title | eng |
| 082 ## - DEWEY DECIMAL CLASSIFICATION NUMBER | |
| Classification number | 632.3 |
| Item number | GUP/IN |
| 100 ## - MAIN ENTRY--AUTHOR NAME | |
| Personal name | Gupta, V K . |
| 245 ## - TITLE STATEMENT | |
| Title | Integrated disease management and plant health / |
| 260 ## - PUBLICATION, DISTRIBUTION, ETC. (IMPRINT) | |
| Place of publication | Jodhpur : |
| Name of publisher | Scientific Publishers , |
| Year of publication | 1995. |
| 300 ## - PHYSICAL DESCRIPTION | |
| Number of Pages | 319 ; . |
| 700 1# - ADDED ENTRY--PERSONAL NAME | |
| Personal name | Sharma, R C . |
| 942 ## - ADDED ENTRY ELEMENTS (KOHA) | |
| Koha item type | Books |
| Withdrawn status | Lost status | Damaged status | Home library | Current library | Shelving location | Date acquired | Full call number | Accession Number | Koha item type |
|---|---|---|---|---|---|---|---|---|---|
| KAUAET | KAUAET | General Stacks | 07/04/2012 | 632.3 | 20373 | Books |
